Thiết lập bảng tính với Microsoft Excel 2000 : Phần căn bản

Gorde:
Xehetasun bibliografikoak
Egile nagusia: Ông Văn Thông
Formatua: Liburua
Hizkuntza:Undetermined
Argitaratua: Tp. HCM Thống Kê 2000
Gaiak:
Etiketak: Etiketa erantsi
Etiketarik gabe, Izan zaitez lehena erregistro honi etiketa jartzen!
Thư viện lưu trữ: Trung tâm Học liệu Trường Đại học Cần Thơ
LEADER 00542nam a2200181Ia 4500
001 CTU_56802
008 210402s9999 xx 000 0 und d
020 |b 34000 
082 |a 005.3 
082 |b Th455 
100 |a Ông Văn Thông 
245 0 |a Thiết lập bảng tính với Microsoft Excel 2000 : Phần căn bản 
245 0 |c Ông Văn Thông 
260 |a Tp. HCM 
260 |b Thống Kê 
260 |c 2000 
650 |a excel ( computer programs ) 
980 |a Trung tâm Học liệu Trường Đại học Cần Thơ